000 00578nam a22002177a 4500
003 UA-OsUOA
001 38986
007 ta
008 20060602b un ||||| |||| 00| 0 ukr d
100 _aСтець Ірина
090 _a32
_bС11
942 _cSA
040 _aUA-OsUOA
_bukr
_cUA-OsUOA
_dUA-OsUOA
245 _aУ словянських народів були спільні вчителі
300 _a3 с.
955 _a0
041 _aukr
080 _a32
773 0 _w38985
_tВільне слово
_dРівне
_d2006
_g43
650 7 _a32 Політика
_2UDC
999 _c325096
_d325096